[Event "Kurnosov Memorial Rapid 2018"]
[Site "Chelyabinsk"]
[Date "2018.09.09"]
[Round "10"]
[White "Oparin, Grigoriy"]
[Black "Demidov, Mikhail"]
[Result "1-0"]
[WhiteElo "2665"]
[BlackElo "2514"]
[Annotator "TA"]
[PlyCount "71"]
[EventDate "2018.09.07"]
[EventType "swiss"]
[EventCountry "RUS"]
[SourceTitle "playchess.com"]
[Source "ChessBase"]
[SourceQuality "1"]

{[%evp 18,71,20,17,18,15,15,0,29,17,20,21,22,12,22,26,22,18,26,22,23,0,26,9,9,0,18,8,60,58,57,55,51,45,78,73,75,76,74,58,635,641,639,629,632,622,724,719,1078,1043,1221,800,29989,29988,29990,5013]} 1. Nf3 d5 2. g3 c6 3. Bg2 Bg4 4. O-O Nd7 5. h3 Bxf3 (5... Bh5 6. d4 e6 7. c4 Be7 8. cxd5 exd5 9. Nc3 Bxf3 10. Bxf3 Ngf6 11. Bf4 O-O 12. e3 Re8 {½-½ (53) Harikrishna,P (2732)-Navara,D (2727) Prague 2018}) 6. Bxf3 {A07: Réti Opening: New York and Capablanca Systems} Ngf6 7. d3 e5 8. e4 dxe4 9. dxe4 Be7 10. Qe2 {LiveBook: 5 Games} O-O 11. Nd2 Qc7 12. Nc4 Rfd8 $146 ({Predecessor:} 12... Nc5 13. a4 a5 14. Bd2 {1-0 (68) Parker,J (2525)-Greet,A (2443) England 2015}) 13. Bd2 Nc5 14. Bc3 Nfd7 {[%cal Bf6d7,Bd7c5,Bc5b3][%mdl 32]} 15. a4 Ne6 16. Rfd1 Nd4 17. Bxd4 exd4 18. e5 Nc5 19. Kh2 Rab8 20. a5 d3 21. cxd3 Nb3 22. Ra2 b5 (22... Nd4 $11 23. Qe4 f5 24. exf6 Bxf6) 23. axb6 $1 $14 axb6 24. Qe4 {Black must now prevent d4.} Nd4 25. Bg2 g6 26. Rda1 $36 {[%mdl 2048] Strongly threatening Ra7. White is really pushing.} Bc5 27. Ra7 Rb7 28. Ra8 {[#] Threatens to win with b4!} Rxa8 $4 {[%mdl 8192]} (28... Rbb8 $14) 29. Rxa8+ $18 Rb8 30. Rxb8+ Qxb8 {[#]} 31. b4 $1 {[%mdl 512]} Qf8 (31... Bxb4 32. Qxd4) 32. bxc5 Qxc5 33. Nd6 Ne6 34. Qf3 Qxe5 35. Qxf7+ Kh8 36. Nc4 {Precision: White = 69%, Black = 35%.} (36. Ne8 $142 h5 37. Nf6 Qxf6 38. Qxf6+ Kg8 39. Qxe6+ Kg7 40. Bxc6 b5 41. Qe7+ Kh8 42. Qf8+ Kh7 43. Qf7+ Kh6 44. Be8 Kg5 45. Qxg6#) 1-0

[Event "Kurnosov Memorial Rapid 2018"]
[Site "Chelyabinsk"]
[Date "2018.09.09"]
[Round "10"]
[White "Kokarev, Dmitry"]
[Black "Artemiev, Vladislav"]
[Result "1/2-1/2"]
[WhiteElo "2663"]
[BlackElo "2733"]
[Annotator "TA"]
[PlyCount "21"]
[EventDate "2018.09.07"]
[EventType "swiss"]
[EventCountry "RUS"]
[SourceTitle "playchess.com"]
[Source "ChessBase"]
[SourceQuality "1"]

{[%evp 15,21,35,82,-6,0,-31,-34,-52]} 1. e4 c6 2. d4 d5 3. Nc3 dxe4 4. Nxe4 Nd7 5. Nf3 Ngf6 6. Nxf6+ Nxf6 7. c3 Bf5 8. Ne5 e6 {[#] LiveBook: 22 Games} 9. Qb3 {B17: Caro-Kann: Modern Line (4...Nd7)} (9. g4 $1 $16 {[%cal Rg4f5]} Bg6 10. h4 (10. Nxg6 hxg6 11. Bg2 Bd6 $11)) (9. Bd3 Bxd3 10. Qxd3 Be7 11. O-O O-O 12. Bg5 Nd7 13. Nxd7 Qxd7 14. Bxe7 Qxe7 15. Rfe1 {½-½ (15) Godena,M (2526)-David,A (2590) Torino 2012}) 9... Qc7 $11 10. Be2 Bd6 11. Nf3 $146 ({Predecessor:} 11. O-O O-O 12. f4 c5 13. Bf3 Be4 14. Be3 Bxf3 15. Rxf3 Nd5 16. dxc5 Bxe5 17. fxe5 Nxe3 18. Rxe3 Qxc5 {0-1 (82) Sourgkounis,A (1916)-Aznaouridis,S (1933) Achaia 2013}) 1/2-1/2

[Event "Kurnosov Memorial Rapid 2018"]
[Site "Chelyabinsk"]
[Date "2018.09.09"]
[Round "10"]
[White "Morozevich, Alexander"]
[Black "Belyakov, Bogdan"]
[Result "1-0"]
[WhiteElo "2614"]
[BlackElo "2496"]
[Annotator "TA"]
[PlyCount "63"]
[EventDate "2018.09.07"]
[EventType "swiss"]
[EventCountry "RUS"]
[SourceTitle "playchess.com"]
[Source "ChessBase"]
[SourceQuality "1"]

{[%evp 16,63,3,9,35,42,29,2,8,22,16,8,56,33,27,23,37,23,72,46,48,47,45,18,86,54,81,85,356,362,358,363,347,356,339,320,525,505,1314,1266,2037,2095,5731,5727,2977,2915,29993,29994,29998,29999]} 1. e4 e5 2. Nf3 Nc6 3. Bb5 Nf6 4. d3 Bc5 5. c3 O-O 6. O-O d6 7. Bg5 {[%cal Bc1g5,Bg5h4,Bh4g3][%mdl 32]} h6 {C65: Ruy Lopez: Berlin Defence (3...Nf6), unusual lines and 4 0-0 Bc5} 8. Bh4 g5 9. Bg3 {LiveBook: 60 Games} a6 {The position is equal.} 10. Bxc6 bxc6 11. d4 Bb6 $146 ({Predecessor:} 11... Ba7 12. Nbd2 exd4 13. Nxd4 Bg4 14. Qc2 Qd7 15. f3 {1-0 (33) Navara,D (2737)-Le,Q (2739) Saint Louis 2017}) 12. Re1 exd4 13. cxd4 d5 14. e5 Ne4 15. Nc3 Bf5 16. Rc1 Nxc3 17. Rxc3 Ba5 18. Rxc6 Bxe1 19. Qxe1 Be6 (19... Rb8 $11) 20. Qc1 {[%mdl 1024] Black must now prevent h4. White has strong compensation.} Kg7 21. h4 {[%cal Rh4g5]} g4 $2 {[%mdl 8192] [#]} (21... Kg6 $16) 22. Ne1 $1 $18 {[%cal Bf3e1,Be1d3,Bd3f4,Bf4h5,Bh5f6][%mdl 32]} Rb8 23. Nd3 (23. Rxa6 Ra8 $14) (23. Rxc7 Rb4 $11) 23... Rb6 24. Rxc7 Bf5 25. Nf4 Rxb2 $2 (25... Kg8 26. Nh5 Re8) 26. Kh2 ({Weaker is} 26. Qxb2 Qxc7 27. Kh2 (27. Nxd5 Qc2 $11) 27... Qc6 $14) 26... Rb4 (26... Rb6 $142 27. e6 Rxe6 28. Nxe6+ Bxe6 29. Be5+ Kh7) 27. Rc6 {[#] Intending Nh5+ and mate.} Rh8 28. Nh5+ Kg8 29. Rxh6 Rb6 30. Nf6+ Kg7 31. Qg5+ Bg6 32. Nh5+ {Precision: White = 71%, Black = 20%.} 1-0

[Event "Kurnosov Memorial Rapid 2018"]
[Site "Chelyabinsk"]
[Date "2018.09.09"]
[Round "10"]
[White "Volkov, Sergey"]
[Black "Pridorozhni, Aleksei"]
[Result "1/2-1/2"]
[WhiteElo "2603"]
[BlackElo "2659"]
[Annotator "TA"]
[PlyCount "55"]
[EventDate "2018.09.07"]
[EventType "swiss"]
[EventCountry "RUS"]
[SourceTitle "playchess.com"]
[Source "ChessBase"]
[SourceQuality "1"]

{[%evp 28,55,18,4,10,0,10,-31,0,0,0,-3,5,-89,-85,-91,-81,-91,-18,-33,-25,-24,0,0,0,-4,-11,-27,-27,-40]} 1. d4 Nf6 2. c4 g6 3. Nc3 Bg7 4. e4 d6 5. Nf3 O-O 6. Be2 e5 7. O-O Nc6 8. Be3 Ng4 9. Bg5 f6 10. Bh4 Nh6 11. d5 Ne7 {[%cal Bc6e7,Be7g6,Bg6f4][%mdl 32]} 12. Nd2 g5 13. Bg3 Ng6 {E92: King's Indian: Classical: 6 Be2 e5: 7 dxe5, 7 Be3 and Petrosian System without 7...Nbd7} 14. Re1 Nf4 15. Bf1 {LiveBook: 5 Games} f5 {The position is equal.} (15... g4 16. Rc1 f5 17. exf5 Nxf5 18. Bxf4 exf4 19. Qxg4 Ne3 20. Qe2 Bg4 21. Qd3 {½-½ (62) Paravyan,D (2528)-Smirin,I (2685) St Petersburg 2016}) 16. f3 g4 $146 ({Predecessor:} 16... Nh5 17. Bf2 f4 18. h3 Rf7 19. c5 Ng3 20. Ne2 g4 21. Nxg3 fxg3 22. Bxg3 gxh3 23. gxh3 {1-0 (55) Berezovsky,I (2375)-Rombach,M Boeblingen 1998}) 17. fxg4 Nxg4 18. exf5 Bxf5 19. Nde4 Nh5 20. h3 (20. Be2 $11 {remains equal.} Ne3 21. Qd3 Nxg3 22. Qxe3 Nxe4 23. Nxe4) 20... Nxg3 $17 21. Nxg3 {[#]} Nf2 $1 {[%cal Rf2d1][%mdl 512]} 22. Qd2 {[#]} (22. Kxf2 Bg4+) 22... Bg6 (22... Qh4 $1 $17 {...Bg6 is the strong threat.} 23. Qxf2 Bg6) 23. Nge4 $1 $11 {[%cal Re4f2]} Nxe4 24. Nxe4 Qh4 25. g3 Qh6 26. Qxh6 Bxh6 27. Bg2 b6 28. Re2 {Precision: White = 29%, Black = 54%.} 1/2-1/2

[Event "Kurnosov Memorial Rapid 2018"]
[Site "Chelyabinsk"]
[Date "2018.09.09"]
[Round "10"]
[White "Iljiushenok, Ilia"]
[Black "Girya, Olga"]
[Result "1-0"]
[WhiteElo "2572"]
[BlackElo "2462"]
[Annotator "TA"]
[PlyCount "82"]
[EventDate "2018.09.07"]
[EventType "swiss"]
[EventCountry "RUS"]
[SourceTitle "playchess.com"]
[Source "ChessBase"]
[SourceQuality "1"]

{[%evp 16,82,26,10,11,12,12,8,7,8,26,20,29,22,21,17,22,4,31,12,21,18,20,27,38,29,37,21,21,21,21,21,21,21,44,62,80,45,88,21,100,31,45,37,39,33,33,0,38,33,33,33,136,101,114,106,121,102,97,0,177,173,399,397,326,339,533,535,656]} 1. e4 c6 2. d4 d5 3. exd5 cxd5 4. Bd3 Nc6 5. c3 Nf6 6. h3 Qc7 7. Nf3 g6 8. O-O {B13: Caro-Kann (Abtausch-Variante 4.c4)} Bf5 9. Ne1 {LiveBook: 3 Partien} (9. Re1 Bxd3 10. Qxd3 Bg7 11. Bg5 O-O 12. Nbd2 Rfe8 13. Re2 Nh5 14. Nb3 b6 15. Rae1 Nf4 16. Bxf4 Qxf4 {0-1 (91) Demchenko,A (2670)-Peralta,F (2556) Barcelona 2018}) 9... e6 10. Bg5 {Die Stellung ist ausgeglichen.} Be7 $146 ({Vorgänger:} 10... Nd7 11. Bxf5 gxf5 12. Qh5 Be7 13. Bxe7 Nxe7 14. Na3 Nf6 15. Qd1 O-O {½-½ (54) Tomilova,E (2332)-Girya,O (2462) Satka 2018}) 11. Nd2 {[%cal Bb1d2,Bd2f3,Bf3e5][%mdl 32]} h6 12. Bh4 Ng8 13. Bg3 Bd6 14. Bxd6 Qxd6 15. Ndf3 Nf6 16. Qe2 Be4 17. a4 a6 18. Qe3 Kf8 19. Ne5 Bxd3 20. N1xd3 Nd7 21. Nxd7+ Qxd7 22. Nc5 Qe7 23. a5 Kg7 24. b4 Rhe8 25. f4 Qc7 26. Rf2 Re7 27. Kh1 (27. g4 $16) 27... Rae8 {[#]} (27... Rh8 $11) 28. Qd3 (28. g4 $1 $16) 28... Na7 29. Re1 Nb5 30. g4 Nd6 31. Rg1 Qc6 32. Re2 Qb5 33. Qf3 Qc4 (33... Kh7 $1 $14) 34. Kh2 Rc7 35. Rgg2 Ree7 36. f5 exf5 37. gxf5 (37. Rxe7 $16 Rxe7 38. gxf5) 37... Nxf5 $2 (37... Rxe2 $1 $11 {und Schwarz steht sicher.} 38. f6+ Kh7 39. Rxe2 Ne4) 38. Rxe7 $18 Nxe7 $2 (38... Rxe7 39. Qxf5 Qxc3) 39. Qf4 Rc6 40. Qe5+ Kf8 (40... Rf6 {ist eine bessere Verteidigung.} 41. Qxe7 Qxc3) 41. Re2 {[#] Weiss droht Dh8+ und Matt.} Rc7 {Precision: Weiß = 52%, Schwarz = 26%.} 1-0

[Event "Kurnosov Memorial Rapid 2018"]
[Site "Chelyabinsk"]
[Date "2018.09.09"]
[Round "10"]
[White "Zvjaginsev, Vadim"]
[Black "Yudin, Sergei"]
[Result "1-0"]
[WhiteElo "2543"]
[BlackElo "2641"]
[Annotator "TA"]
[PlyCount "51"]
[EventDate "2018.09.07"]
[EventType "swiss"]
[EventCountry "RUS"]
[SourceTitle "playchess.com"]
[Source "ChessBase"]
[SourceQuality "1"]

{[%evp 18,51,22,25,44,41,77,63,74,68,60,68,58,74,64,79,104,61,130,127,120,119,143,149,137,101,106,115,108,108,159,150,255,244,5219,4986]} 1. e4 c5 2. Nf3 e6 3. g3 Nc6 4. Bg2 d5 5. exd5 exd5 6. O-O Nf6 7. d4 Be7 8. Nc3 O-O 9. dxc5 Bxc5 10. a3 {LiveBook: 10 Partien. B40: Sizilianisch (Klassisches System mit e7-e6)} a6 11. b4 Ba7 12. Bg5 $146 {Weiß steht besser.} ({Vorgänger:} 12. Qd3 h6 13. Bb2 Ne7 14. Rad1 Bf5 15. Qd2 Ne4 16. Nxe4 Bxe4 17. Bd4 Bxd4 18. Nxd4 Bxg2 19. Kxg2 {1-0 (54) Kobalia,M (2596)-Rublevsky,S (2683) Sochi 2017}) 12... Be6 13. Bxf6 Qxf6 14. Nxd5 Bxd5 15. Qxd5 Rad8 16. Qb3 Rfe8 17. Rae1 h6 (17... Rxe1 $14 18. Rxe1 g5) 18. c4 Rxe1 19. Rxe1 Nd4 20. Nxd4 Bxd4 21. Qf3 {Dxf6 ist eine echte Drohung.} Qxf3 22. Bxf3 b6 23. Re7 Bb2 {[#]} ({Lieber} 23... a5 24. Bd5 g5) 24. Rb7 $1 $16 b5 {[#]} (24... Bxa3 $16 25. Rxb6 Kf8) 25. c5 $1 $18 ({Weniger gut wäre} 25. cxb5 axb5 26. Ra7 (26. Rxb5 Bxa3 27. Be2 Kf8 $16) 26... Rd2 $16) 25... Rd3 $2 (25... Kf8 26. c6 Rc8) 26. Rb8+ {Precision: Weiß = 92%, Schwarz = 16%.} 1-0

[Event "Kurnosov Memorial Rapid 2018"]
[Site "Chelyabinsk"]
[Date "2018.09.09"]
[Round "10"]
[White "Shcherbakov, Ruslan"]
[Black "Lysyj, Igor"]
[Result "1/2-1/2"]
[WhiteElo "2516"]
[BlackElo "2644"]
[Annotator "TA"]
[PlyCount "65"]
[EventDate "2018.09.07"]
[EventType "swiss"]
[EventCountry "RUS"]
[SourceTitle "playchess.com"]
[Source "ChessBase"]
[SourceQuality "1"]

{[%evp 24,65,0,0,21,14,24,7,18,0,14,10,3,0,0,0,0,0,9,7,14,0,11,0,0,0,0,0,0,0,10,6,8,8,27,0,0,0,0,0,0,0,0,0]} 1. e4 {Yermolinsky,A} e5 2. Nf3 Nc6 3. Bb5 Nf6 4. O-O Nxe4 5. Re1 Nd6 6. Nxe5 Be7 7. Bf1 Nxe5 8. Rxe5 O-O 9. d4 Ne8 {C67: Spanische Partie (Berliner Verteidigung)} 10. d5 Bc5 11. Re1 d6 12. Nc3 Bf5 13. Bd3 {[#] LiveBook: 3 Partien} Qf6 $146 ({Vorgänger:} 13... Qh4 14. g3 Qh3 15. Ne4 Bxe4 16. Rxe4 Bxf2+ 17. Kxf2 Qxh2+ {1-0 (58) Karjakin,S (2783)-Eljanov,P (2751) Shamkir 2017 CBM 178 [Yermolinsky,A]}) 14. Be3 Qg6 15. Bxf5 Qxf5 16. Qd2 Bb4 17. Bd4 Nf6 18. Bxf6 Qxf6 19. Re3 Rae8 20. Rae1 Qd8 21. g3 a6 22. Qd3 Bc5 23. Rxe8 Rxe8 24. Rxe8+ Qxe8 25. Ne4 Qe5 26. c3 f5 27. Nxc5 dxc5 $11 {[%mdl 4096] Endspiel KD-KD} 28. Qc4 Qd6 29. b4 cxb4 {Die Stellung ist ausgeglichen.} 30. cxb4 g6 31. a3 b5 32. Qb3 Kf7 33. Qc3 {Precision: Weiß = 66%, Schwarz = 42%.} 1/2-1/2

[Event "Kurnosov Memorial Rapid 2018"]
[Site "Chelyabinsk"]
[Date "2018.09.09"]
[Round "10"]
[White "Yakovich, Yuri"]
[Black "Kryakvin, Dmitry"]
[Result "1/2-1/2"]
[WhiteElo "2502"]
[BlackElo "2589"]
[Annotator "TA"]
[PlyCount "43"]
[EventDate "2018.09.07"]
[EventType "swiss"]
[EventCountry "RUS"]
[SourceTitle "playchess.com"]
[Source "ChessBase"]
[SourceQuality "1"]

{[%evp 18,43,40,21,33,18,42,41,52,47,89,79,63,51,61,49,69,38,63,66,52,8,14,8,10,0,27,33]} 1. d4 d5 2. c4 dxc4 3. e3 b5 4. a4 b4 5. Bxc4 Nf6 6. Nf3 {D20: Queen's Gambit Accepted: 3 e3 and 3 e4} e6 7. O-O Be7 8. Qe2 O-O 9. Nbd2 (9. b3 Bb7 10. Bb2 Nbd7 11. Nbd2 c5 12. Rac1 Rc8 {½-½ (27) Bu,X (2730)-Inarkiev,E (2689) Riadh 2017}) 9... Bb7 10. a5 {[%cal Ba4a5,Ba5a6][%mdl 32] LiveBook: 7 Games} c5 11. a6 Bd5 12. dxc5 $146 ({Predecessor:} 12. Bxd5 Qxd5 {1-0 (61) Desnica,V (2253)-Maryasin,B (2332) Novi Sad 2015}) 12... Bxc5 13. Bd3 Nbd7 {[#]} 14. e4 $1 {[%cal Re4d5]} Bc6 15. Nb3 Rc8 16. Bd2 Be7 17. Rac1 Ba8 18. Rxc8 Qxc8 19. Bf4 {Strongly threatening Rc1.} Nh5 20. Be3 Qb8 $1 21. g3 Rc8 22. Rc1 {Precision: White = 79%, Black = 42%.} 1/2-1/2

[Event "Kurnosov Memorial Rapid 2018"]
[Site "Chelyabinsk"]
[Date "2018.09.09"]
[Round "10"]
[White "Gutenev, Alexander"]
[Black "Bocharov, Ivan"]
[Result "0-1"]
[WhiteElo "2434"]
[BlackElo "2625"]
[Annotator "TA"]
[PlyCount "100"]
[EventDate "2018.09.07"]
[EventType "swiss"]
[EventCountry "RUS"]
[SourceTitle "playchess.com"]
[Source "ChessBase"]
[SourceQuality "1"]

{[%evp 35,100,20,21,11,27,27,27,13,21,10,22,22,20,-22,0,0,0,0,0,0,0,0,0,-9,0,0,0,-24,-9,-33,-29,-42,-10,-131,-143,-144,-60,-139,-96,-95,-103,-152,-147,-152,-137,-134,-137,-380,-371,-330,-330,-468,-460,-590,-571,-778,-768,-718,-710,-687,-654,-12841,-12841,-12842,-12842,-12843,-12843]} 1. e4 e5 2. Nf3 Nc6 3. Bb5 a6 4. Ba4 Nf6 5. O-O Be7 6. Re1 b5 7. Bb3 d6 8. c3 O-O 9. h3 Nb8 10. d4 Nbd7 11. Nbd2 Bb7 12. Bc2 Re8 13. a4 Bf8 14. Bd3 c6 15. Qc2 g6 16. b3 Nh5 17. Bf1 {C95: Closed Ruy Lopez: Breyer Variation with 10 d4} Nf4 18. Ba3 (18. g3 Ne6 19. Bb2 Bg7 20. b4 Nb6 21. axb5 axb5 22. dxe5 Rxa1 23. Rxa1 dxe5 24. c4 Nd4 25. Bxd4 exd4 {½-½ (73) Inarkiev,E (2684)-Alekseenko,K (2621) Yaroslavl 2018}) 18... Rc8 {LiveBook: 3 Games} 19. Rac1 {The position is equal.} (19. dxe5 {seems wilder.} Nxe5 20. Nxe5 dxe5 21. b4 Ne6 22. Nb3) 19... Qb6 (19... Qc7 {with more complications.} 20. dxe5 Nxe5 21. Nxe5 dxe5 22. Bxf8 Rxf8 23. g3 Ne6) 20. dxe5 Nxe5 21. Nxe5 dxe5 22. Bxf8 Kxf8 23. c4 $146 ({Predecessor:} 23. Red1 Red8 24. c4 Qc5 25. cxb5 Qxc2 {½-½ (26) Kappes,D (2311)-Kratochvil,V (2278) ICCF email 2015}) 23... Ne6 24. c5 Qc7 25. Nf3 Rcd8 26. Rcd1 Bc8 27. Qc3 f6 28. axb5 axb5 29. b4 Rxd1 30. Rxd1 Rd8 $36 {[%mdl 2048] Black is pushing.} 31. Be2 Nf4 32. Rxd8+ Qxd8 33. Bf1 Qd1 {[#] And now ...Ne2+ would win.} 34. Qd2 (34. Qe1 $1 $11 {keeps the balance.} Qxe1 35. Nxe1) 34... Qxd2 $17 35. Nxd2 {[%mdl 4096] Endgame KBN-KBN} Be6 (35... Ne6 $17 36. f4 Nxf4) 36. h4 (36. f3 $15) 36... Ba2 37. g3 Ne6 38. Bd3 Nc7 39. f4 exf4 40. gxf4 Na6 41. e5 $2 (41. Kf2 $17) 41... fxe5 $19 42. fxe5 Nxb4 43. Be4 (43. Bf1 {might work better.}) 43... Bd5 {Black is clearly winning.} 44. Bxd5 cxd5 {KN-KN} 45. Nf3 Nc6 46. Kf2 Ke7 47. Ke3 h6 48. Nd4 {[#]} Nxd4 $1 49. Kxd4 b4 {[%cal Bb5b4,Bb4b3][%mdl 32]} 50. c6 b3 {Precision: White = 36%, Black = 68%.} 0-1

[Event "Kurnosov Memorial Rapid 2018"]
[Site "Chelyabinsk"]
[Date "2018.09.09"]
[Round "11"]
[White "Artemiev, Vladislav"]
[Black "Zvjaginsev, Vadim"]
[Result "1/2-1/2"]
[WhiteElo "2733"]
[BlackElo "2543"]
[Annotator "TA"]
[PlyCount "62"]
[EventDate "2018.09.07"]
[EventType "swiss"]
[EventCountry "RUS"]
[SourceTitle "playchess.com"]
[Source "ChessBase"]
[SourceQuality "1"]

{[%evp 19,62,66,68,64,64,65,61,60,69,0,64,65,91,93,101,82,96,62,145,150,143,143,140,122,125,110,106,70,122,115,116,119,147,139,170,156,154,66,27,0,64,50,53,44,136]} 1. c4 g6 2. d4 Bg7 3. Nf3 c5 4. e4 Qa5+ 5. Nc3 Nc6 6. d5 Nd4 7. Bd2 Nxf3+ 8. Qxf3 d6 9. Bd3 Nf6 {A40: Unusual replies to 1 d4} 10. O-O O-O {LiveBook: 7 Games} 11. Qg3 $146 ({Predecessor:} 11. Rfe1 a6 12. a3 Qc7 13. h3 e5 14. b4 Nh5 15. bxc5 Qxc5 16. Na4 Qc7 17. Rab1 {1-0 (37) Ibrahimov,R (2504)-Sale,S (2411) Abu Dhabi 2007}) 11... b5 12. cxb5 a6 13. a4 {[%cal Ba2a4,Ba4b5][%mdl 32]} Qb4 14. Qf4 (14. Rfe1 $14) 14... Qd4 ({Black should try} 14... Ng4 $11 15. Ne2 Qxb2) 15. Be2 $14 axb5 16. axb5 Bb7 17. h3 Nd7 18. Rab1 e5 (18... f5 $14) 19. Qe3 $16 f5 20. Rfd1 Nf6 {[%cal Rf5e4]} 21. Bc1 Qb4 22. Bf3 {[%cal Be2f3,Bf3e4,Be4d3][%mdl 32]} fxe4 23. Bxe4 Bh6 (23... Qb3 $14) 24. Qe2 (24. Qxh6 Nxe4 25. Bg5 Rf7 $11) 24... Bxc1 25. Rbxc1 Bc8 26. Ra1 Bd7 27. Bd3 Nh5 28. Ra6 (28. Qe1 $16) 28... Nf4 29. Qc2 Nxd3 (29... Rxa6 $1 $11 30. bxa6 Nxd3 31. Qxd3 Qxb2) 30. Rxa8 $14 Rxa8 31. Qxd3 Rb8 {Precision: White = 60%, Black = 46%.} ({Better is} 31... Qxb2 $14 32. Rb1 Ra1 33. Rxa1 Qxa1+ 34. Kh2 Qa5) 1/2-1/2

[Event "Kurnosov Memorial Rapid 2018"]
[Site "Chelyabinsk"]
[Date "2018.09.09"]
[Round "11"]
[White "Riazantsev, Alexander"]
[Black "Sivuk, Vitaly"]
[Result "1/2-1/2"]
[WhiteElo "2687"]
[BlackElo "2526"]
[Annotator "TA"]
[PlyCount "134"]
[EventDate "2018.09.07"]
[EventType "swiss"]
[EventCountry "RUS"]
[SourceTitle "playchess.com"]
[Source "ChessBase"]
[SourceQuality "1"]

{[%evp 21,134,0,20,0,0,-23,11,10,25,29,30,22,31,5,25,14,50,49,41,28,67,81,94,88,155,131,133,125,141,141,164,158,228,240,247,248,221,199,352,363,343,368,352,355,359,344,352,349,357,356,448,450,612,410,413,410,313,347,348,238,238,216,246,291,348,238,339,393,361,358,406,220,487,487,476,454,590,461,358,0,570,0,290,0,504,131,243,251,224,0,136,80,78,84,89,0,0,0,0,0,0,0,0,0,0,0,0,0,0,0,0,0,0,0,0]} 1. Nf3 g6 2. d4 d6 3. b3 Bg7 4. Bb2 Nf6 5. e3 O-O 6. Be2 c5 7. c4 cxd4 8. Nxd4 Nc6 9. O-O Bd7 10. Nc3 Qa5 11. Rc1 {A35: Symmetrical English: 2 Nc3 Nc6 3 Nf3} Rfc8 {LiveBook: 3 Games} 12. Qd2 a6 13. Rfd1 Rab8 14. a3 Nxd4 (14... Qd8 15. Nxc6 Bxc6 16. b4 Qb6 17. Qc2 Bd7 18. Qb1 Bf5 {1-0 (44) Shinkevich,V (2454)-Kokarev,D (2608) Moscow 2018}) 15. exd4 Qd8 16. b4 Qf8 $146 ({Predecessor:} 16... b6 17. h3 Bc6 18. d5 Ba8 {½-½ (39) Loos,R (2192)-Dobosz,H (2398) Bayern 1999}) 17. Qe1 Bh6 18. Ra1 Bf5 19. Bc1 {[%cal Bb2c1,Bc1f4,Bf4h2][%mdl 32]} Bg7 20. Bf4 Nd7 21. Rac1 h5 22. h3 h4 (22... Nf6 $142) 23. Nd5 e6 24. Ne3 Bh6 25. Bh2 Nf6 26. c5 Ne4 (26... Rd8 $16 27. Bxd6 Rxd6) 27. Bd3 $18 d5 28. Bxb8 Rxb8 29. c6 Qd6 $2 (29... Nd6 {was worth a try.} 30. Bf1 Bf4 31. cxb7 Rxb7 32. Bxa6 Rb8) 30. cxb7 Rxb7 31. Rc8+ Kg7 32. Bxe4 Bxe4 33. f3 Bf5 34. Nxf5+ gxf5 35. Qxh4 a5 36. bxa5 Rb3 37. Qd8 Qxd8 38. Rxd8 Rxa3 {[%mdl 4096] Endgame KRR-KRB} 39. Ra8 Be3+ 40. Kh2 Ra4 41. Rd3 Bxd4 42. f4 Bf2 43. a6 Kf6 (43... Ra2 $142 44. Rf3 Kf6) 44. g3 Ra2 {and the idea ...Ba7+ leaves Black hopeful.} 45. Kh1 Ke7 46. Kg2 (46. h4 $142) 46... Kd6 $2 (46... Ba7+ 47. Kf1 Ra1+ 48. Ke2 Rxa6) 47. Kf1 Bc5 48. Rb3 d4 49. Rd8+ Kc7 50. Ra8 (50. Rbb8 $142) 50... Kd6 51. Rd8+ Kc7 $1 {[%cal Rc7d8]} 52. Ra8 $2 (52. Rbb8) 52... Kd6 {[#]} 53. Rb5 $2 (53. a7 $1 $18 {is more deadly.} Rxa7 54. Rxa7 Bxa7 55. Rb7) 53... Kc6 (53... d3 $16) 54. Rb7 Kd5 55. Rb5 $2 ({Stronger than} 55. Rxf7 d3 $11) (55. Rc8 $18) 55... Kc4 (55... Kc6 $11 56. Rb3 Kd5) 56. Rb1 $16 d3 {[#] White must now prevent ...Rf2+.} 57. Rc8 Kd4 58. Rc6 (58. h4 $16 {And now h5 would win.} Rxa6 59. Rc1) 58... Kd5 $11 {The position is equal.} 59. Rc7 Be3 {Strongly threatening ...Rf2+.} 60. Rd1 Ke4 {aiming for ...Rf2+.} 61. Rd7 Rf2+ 62. Ke1 Re2+ 63. Kf1 Rf2+ 64. Ke1 Re2+ 65. Kf1 Rf2+ 66. Ke1 Re2+ 67. Kf1 Rf2+ {Precision: White = 59%, Black = 56%.} 1/2-1/2

[Event "Kurnosov Memorial Rapid 2018"]
[Site "Chelyabinsk"]
[Date "2018.09.09"]
[Round "11"]
[White "Pridorozhni, Aleksei"]
[Black "Kokarev, Dmitry"]
[Result "1/2-1/2"]
[WhiteElo "2659"]
[BlackElo "2663"]
[Annotator "TA"]
[PlyCount "23"]
[EventDate "2018.09.07"]
[EventType "swiss"]
[EventCountry "RUS"]
[SourceTitle "playchess.com"]
[Source "ChessBase"]
[SourceQuality "1"]

{[%evp 9,23,4,4,12,13,7,20,-12,-16,-19,-24,-29,-34,-35,0,0]} 1. c4 g6 2. g3 c5 3. Bg2 Bg7 4. Nc3 Nc6 5. d3 e6 6. Be3 {A36: Symmetrical English vs ...g6: 4 Bg2 Bg7} (6. e4 Nge7 7. Nge2 O-O 8. O-O d6 9. Rb1 b6 10. a3 Bb7 11. b4 Nd4 12. Be3 Qd7 13. Qd2 Nxe2+ 14. Nxe2 cxb4 15. axb4 d5 16. Qa2 Rfd8 17. Rfc1 Nc6 18. Bg5 Re8 19. cxd5 exd5 20. exd5 Ne7 21. Nf4 {½-½ (71) Gordievsky,D (2622)-Krasenkow,M (2671) Wijk aan Zee 2018}) 6... d6 7. Qd2 Nd4 8. Nf3 Ne7 9. O-O $146 ({Predecessor:} 9. Bxd4 cxd4 10. Nb5 Nc6 11. O-O O-O 12. b4 f5 13. Qb2 e5 {0-1 (34) Fischer,E-Velickovic,Z Nuremberg 1989}) 9... Nef5 10. Bg5 f6 11. Bf4 O-O 12. e4 1/2-1/2